P.G. Wodehouse, a biography /

Bibliographic Details
Main Author: Donaldson, Frances Lonsdale, Lady
Format: Book
Language:English
Published: New York : Knopf : 1982.
Edition:1st ed.
Subjects:

MARC

Tag First Indicator Second Indicator Subfields
LEADER 00000pam a2200000 a 4500
001 in00000097593
005 20150924085256.0
008 820120s1982 nyuaf b 00110beng
010 |a  81048111  
020 |a 0394505808 :  |c $18.50 
035 |a (OCoLC)08172058 
035 |9 AAK9217AM 
039 0 |a 2  |b 3  |c 3  |d 3  |e 3 
040 |a DLC  |c DLC  |d TXA  |d UtOrBLW 
049 |a TXAM  |c 1 [952438]  |a TXAS [wode]  |c 2 
050 0 0 |a PR6045.O53  |b Z63 1982 
082 0 |a 823/.912  |2 19 
100 1 |a Donaldson, Frances Lonsdale,  |c Lady. 
245 1 0 |a P.G. Wodehouse, a biography /  |c by Frances Donaldson. 
250 |a 1st ed. 
264 1 |a New York :  |b Knopf :  |c 1982. 
264 2 |a New York :  |b Distributed by Random House, 
300 |a xviii, 369 pages, 16 unnumbered pages of plates :  |b illustrations ;  |c 25 cm. 
336 |a text  |b txt  |2 rdacontent 
337 |a unmediated  |b n  |2 rdamedia 
338 |a volume  |b nc  |2 rdacarrier 
504 |a "The works of P.G. Wodehouse": pages 317-328. 
504 |a Includes bibliographical references and index. 
600 1 0 |a Wodehouse, P. G.  |q (Pelham Grenville),  |d 1881-1975. 
650 0 |a Authors, English  |y 20th century  |v Biography. 
999 |a MARS 
999 f f |s 8633d5d8-80f3-3ffc-939e-81520f09ed59  |i 865f032a-ebb9-3442-9592-daffbce59137  |t 0 
952 f f |p normal  |a Texas A&M University  |b College Station  |c Sterling C. Evans Library  |d Evans: Library Stacks  |t 0  |e PR6045.O53 Z63 1982  |h Library of Congress classification  |i unmediated -- volume  |m A14806020217 
952 f f |p noncirc  |a Texas A&M University  |b College Station  |c Cushing Memorial Library & Archives  |d Cushing: Literature/Wodehouse (Does not check out)  |t 0  |e PR6045.O53 Z63 1982  |h Library of Congress classification  |i unmediated -- volume 
998 f f |a PR6045.O53 Z63 1982  |t 0  |l Cushing: Literature/Wodehouse (Does not check out) 
998 f f |a PR6045.O53 Z63 1982  |t 0  |l Evans: Library Stacks